Największe polskie miasta niebędące siedzibami powiatów - Statystyki

Ogólne statystyki
  • Ten quiz został rozwiązany 91 razy
  • Średni wynik to 41 z 93
Statystyki odpowiedzi
Populacja Powiat Miasto % Poprawnych
49 936 wejherowski Rumia
89%
39 420 wołomiński Ząbki
80%
38 061 wołomiński Marki
78%
27 014 wejherowski Reda
75%
29 426 poznański Swarzędz
72%
31 900 poznański Luboń
67%
29 232 dzierżoniowski Bielawa
64%
35 684 bielski Czechowice-Dziedzice
64%
37 052 gliwicki Knurów
63%
24 294 krakowski Skawina
61%
30 732 będziński Czeladź
59%
20 723 otwocki Józefów
59%
27 683 rybnicki Czerwionka-Leszczyny
58%
16 781 zgorzelecki Bogatynia
56%
25 790 wołomiński Kobyłka
56%
10 898 cieszyński Wisła
56%
19 524 wadowicki Andrychów
55%
15 505 rycki Dęblin
55%
21 260 kłodzki Nowa Ruda
55%
15 283 białostocki Łapy
53%
17 457 wołomiński Zielonka
53%
13 324 sławieński Darłowo
52%
16 704 bieruńsko-lędziński Lędziny
52%
22 297 pruszkowski Piastów
52%
19 926 miński Sulejówek
52%
16 842 czarnkowsko-trzcianecki Trzcianka
52%
14 954 słupski Ustka
52%
21 789 zgierski Aleksandrów Łódzki
48%
14 181 toruński Chełmża
48%
18 533 pabianicki Konstantynów Łódzki
48%
15 875 cieszyński Ustroń
48%
16 709 piaseczyński Konstancin-Jeziorna
47%
17 091 warszawski zachodni Łomianki
47%
15 550 bydgoski Solec Kujawski
47%
22 467 świdnicki Świebodzice
47%
18 274 gliwicki Pyskowice
45%
12 058 warszawski zachodni Błonie
44%
16 321 krośnieński Gubin
44%
13 996 cieszyński Skoczów
44%
19 242 chrzanowski Trzebinia
44%
17 659 gorzowski Kostrzyn Nad Odrą
42%
16 851 tarnogórski Radzionków
42%
12 687 łódzki wschodni Koluszki
41%
10 279 nowosądecki Krynica-Zdrój
41%
21 941 mikołowski Łaziska Górne
41%
16 468 bialski Międzyrzec Podlaski
41%
12 026 elbląski Pasłęk
41%
12 599 nowotarski Rabka-Zdrój
41%
21 165 wodzisławski Rydułtowy
41%
16 360 zielonogórski Sulechów
41%
13 491 myśliborski Barlinek
39%
12 395 wołowski Brzeg Dolny
39%
10 442 aleksandrowski Ciechocinek
39%
11 946 piaseczyński Góra Kalwaria
39%
10 034 bytowski Miastko
39%
16 508 grodziski Milanówek
39%
14 523 wielicki Niepołomice
39%
18 846 zgierski Ozorków
39%
12 438 ropczycko-sędziszowski Sędziszów Małopolski
39%
11 905 grójecki Warka
39%
15 016 wałbrzyski Boguszów-Gorce
38%
15 475 oławski Jelcz-Laskowice
38%
16 694 chrzanowski Libiąż
38%
21 388 mikołowski Orzesze
38%
17 581 radomski Pionki
38%
12 021 białostocki Wasilków
38%
10 881 szamotulski Wronki
38%
13 002 legnicki Chojnów
36%
18 306 oświęcimski Kęty
36%
10 523 karkonoski Kowary
36%
14 289 poznański Mosina
36%
13 625 wodzisławski Pszów
36%
13 718 pruszkowski Brwinów
34%
13 727 zgierski Głowno
34%
13 141 nyski Głuchołazy
34%
15 684 świdnicki Strzegom
34%
10 496 olsztyński Biskupiec
33%
10 935 oświęcimski Brzeszcze
33%
13 209 ostródzki Morąg
33%
17 486 wodzisławski Radlin
33%
10 209 oleśnicki Syców
33%
16 264 goleniowski Nowogard
31%
10 947 bydgoski Koronowo
30%
13 548 żarski Lubsko
30%
13 502 wołomiński Radzymin
30%
11 371 żagański Szprotawa
30%
10 370 iławski Lubawa
28%
10 355 poznański Murowana Goślina
27%
12 579 drawski Złocieniec
27%
10 892 tarnobrzeski Nowa Dęba
25%
13 443 myśliborski Dębno
23%
11 161 krapkowicki Zdzieszowice
23%
11 071 obornicki Rogoźno
20%
Nie znaleziono quizów pasujących do podanych kryteriów
Rozkład punktacji
Procent ludzi z każdym wynikiem
Percentyl według liczby udzielonych odpowiedzi
Twoja historia wyników
Nie rozwiązałeś tego quizu